000 00352nam a22001217a 4500
008 230619b xxu||||| |||| 00| 0 eng d
082 _a305.67
_bWER
245 _aThe Underprivileged in Society: Studies on Kenya
260 _aNairobi,Kenya
_bFaculty of Arts, University of Nairobi
_c1983
300 _aVI,218p
440 _v13
_x02510405
942 _2ddc
_cBK
999 _c1418
_d1418